| 000 | 00443nam a22001457a 4500 | ||
|---|---|---|---|
| 005 | 20170828144734.0 | ||
| 020 |
_a8170003164 _c375.00 |
||
| 035 | _aB-058665 | ||
| 037 |
_aDPL _bENG |
||
| 100 | _aLaloo, Bikika Tariang | ||
| 245 |
_aInformation needs, information seeking behaviour and users / _cby Bikika Tariang Laloo |
||
| 260 |
_aNew Delhi _bEss Ess Publications |
||
| 300 |
_a150p. _c18 cms. |
||
| 942 |
_2ddc _cEN _h028 _mLAL |
||
| 999 |
_c63522 _d63522 |
||